Бранд визия (Запис номер 89409)
[ съкратено ]
| 000 -Лидер | |
|---|---|
| Контролно поле с фиксирана дължина | 02322nam a2200421 c 4500 |
| 003 - Код на организацията, давaща контролен номер | |
| Контролно поле | BLK |
| 005 - Дата и час на последна редакция | |
| Контролно поле | 20241211143754.0 |
| 008 - Елементи от данни с фиксирана дължина | |
| fixed length control field | 180408b bul|||||r ||||||| ||bul|| |
| 010 ## - Наследен системен номер | |
| LC control number | KNG00094109000 |
| 020 ## - Международен стандартен номер на книга ISBN | |
| Международен стандартен номер на книга ISBN | 978-954-527-425-1 |
| -- | издат.: Дамян Яков |
| 040 ## - Източник на каталожния запис | |
| Идентификатор на билиотеката - собственик на записа | BLK |
| 041 ## - Код за език | |
| Код за езика на текст/звукозапис или на отделно заглавие | Български |
| Код за езика КДБФ | Български |
| 080 ## - УДК | |
| Текстов определител УДК | Методи на управление. Мениджмънт. Анализи, планиране, ръководство, сътрудничество, контрол, коопериране и др. |
| УДК код - определител по УДК | 005.5 |
| УДК определител | (035) |
| УДК - код + определител | 005.5(035) |
| 080 ## - УДК | |
| Текстов определител УДК | Икономическа психология. Икономическо поведение. Физиологични и психологични елементи. Интереси. Икономически дух |
| УДК код - определител по УДК | 330.16 |
| УДК определител | (035) |
| УДК - код + определител | 330.16(035) |
| 080 ## - УДК | |
| Текстов определител УДК | Пазар. Анализ на пазара. Търсене. Предлагане. Конкуренция. Маркетингова логистика |
| УДК код - определител по УДК | 339.13 |
| УДК определител | (035) |
| УДК - код + определител | 339.13(035) |
| 100 1# - Редна дума - Автор | |
| Автор | Тейлър, Дейвид |
| Авторска отговорност | първи автор |
| R(LIN) | 303607 |
| 139 ## - Редно поле | |
| Редна дума | Тейлър, Дейвид |
| Авторски знак | Те - Т 45 |
| 245 10 - Сведения за заглавието | |
| Заглавие | Бранд визия |
| Подзаглавни данни | Как да стимулирате екипа си да предизвика растеж на бизнеса |
| Редно поле (дума) | Дейвид Тейлър; прев. Снежинка Иванова. |
| 257 ## - Страна на издаване | |
| Страна на създаване/издаване | Великобритания |
| 260 ## - Област на издателските данни | |
| -- | София |
| Име на издателя, разпространителя и проч. | Дамян Яков |
| Година на издаване | 2008 |
| Печатница | В. Търново : Абагар |
| 300 ## - Физическа характеристика | |
| Страници | 320 с. |
| Илюстрации и др. | с ил., сх., диагр. |
| Размери/Мащаб | 24 см |
| 380 ## - Жанр | |
| Жанр | Техника |
| 500 ## - Общи забележки | |
| Забележка | Ориг. загл. Brand Vision / David Taylor. - Предм. показалец. |
| 650 #4 - Допълнително описание по предмет – тема | |
| Основно описание – тема или топоним | Управленски труд - наръчници и ръководства |
| 9 (RLIN) | 243936 |
| 650 #4 - Допълнително описание по предмет – тема | |
| Основно описание – тема или топоним | Икономическо поведение |
| 9 (RLIN) | 245306 |
| 650 #4 - Допълнително описание по предмет – тема | |
| Основно описание – тема или топоним | Търсене и предлагане |
| 9 (RLIN) | 259981 |
| 650 #4 - Допълнително описание по предмет – тема | |
| Основно описание – тема или топоним | Потребление |
| 9 (RLIN) | 167261 |
| 653 ## - Ключова дума – ненормативна | |
| Ключова дума | управленски труд |
| 653 ## - Ключова дума – ненормативна | |
| Ключова дума | икономическо поведение |
| 653 ## - Ключова дума – ненормативна | |
| Ключова дума | потребление |
| 700 1# - Други автори (авторска отговорност) | |
| Лично име | Иванова, Снежинка |
| Автороска отговорност (Описва отношението между автора и произведението) | прев. |
| 9 (RLIN) | 368491 |
| 852 ## - Местоположение | |
| Форматна сигнатура | Цб 247001 |
| 856 4# - Електронен адрес и достъп | |
| Електронен формат | pdf - файл |
| Път до файла /url/ | |
| 856 4# - Електронен адрес и достъп | |
| Електронен формат | pdf - файл |
| Път до файла /url/ | |
| 942 ## - АРТИКУЛИ | |
| Вид на библиотечния материал | Книги |
| Скрит в OPAC | Не |
| Koha issues (borrowed), all copies | 1 |
| 944 ## - СЪЗДАВАНЕ И РЕДАКЦИЯ на ЗАПИСА | |
| Създаване/Редакция | Създаване |
| Дата на регистрацията/редакция | 05.02.2010 |
| Служител, извършил регистрацията/редакцията | 30546 |
| Статус, дата на статуса | Ренета Константинова |
| 944 ## - СЪЗДАВАНЕ И РЕДАКЦИЯ на ЗАПИСА | |
| Създаване/Редакция | Редакция |
| Дата на регистрацията/редакция | 30.01.2012 |
| Служител, извършил регистрацията/редакцията | |
| 999 ## - СИСТЕМНИ КОНТРОЛНИ НОМЕРА | |
| Koha biblionumber | 89409 |
| Koha biblioitemnumber | 89409 |
| Код за отписване | Код за изгубен артикул | Код за повреда | Коз за рестрикции | Код за отдаване | Артикулен № | Име на библиотеката - собственик | Име на библиотеката, в която се намира в момента | Статус (Текущо местоположение) | Дата на вписване в системата | Местоположение - отдел | Цена в лева | Инвентарен номер | Систематично азбучна сигнатура | Баркод | Номер на екземпляра | Цена в евро | Служебна бележка | Служебен тип на артикула | Източник на класификационната схема |
|---|---|---|---|---|---|---|---|---|---|---|---|---|---|---|---|---|---|---|---|
| Не е изгубен | Не е повреден | без рестрикции | ползва се в читалня | 144735 | Регионална библиотека "Любен Каравелов" Русе | Регионална библиотека "Любен Каравелов" Русе | Хранилище | 2010-02-04 | Хранилище | 27.99 | 120000741911 | Цб 247001 | 120000741911 | 1 | 14.31 | Дост: Dp Вид: Д N: 32 Дата: 29.07.2009 | Книги | ||
| Не е изгубен | Не е повреден | без рестрикции | ползва се в читалня | 144736 | Регионална библиотека "Любен Каравелов" Русе | Регионална библиотека "Любен Каравелов" Русе | Читалня | 2011-12-19 | Читалня | 27.99 | 120000755848 | Ч 005/Т 45 | 120000755848 | 2 | 14.31 | Дост: Pk Вид: Ф N: 291 Дата: 15.12.2011 Дата инв: 23.03.2017 Бележки инв: Ч2017 | Книги | Universal Decimal Classification |